التضخم المالي والسياسية الضريبة في المواجهه التضخم الاقتصادي /
Saved in:
| Main Author: | |
|---|---|
| Other Authors: | |
| Format: | Thesis |
| Language: | Arabic |
| Published: |
al-Qahirah :
Jami'ah al-Qahirah,
1984.
|
| Subjects: | |
| Tags: |
Add Tag
No Tags, Be the first to tag this record!
|
| LEADER | 015830000a22003010004500 | ||
|---|---|---|---|
| 008 | 111024n1984 ua f a 000 00ara d | ||
| 040 | |a UIAM |b eng | ||
| 041 | |a ara | ||
| 050 | |a HG1536 | ||
| 100 | |a عبد الكريم، محمد حاتم | ||
| 242 | 1 | 3 | |a al-Tadakhkhum al-mali wa-al-siyasiyah al-daribiyah fi al-muwajahah al-tadakhkhum al-iqtisadi |
| 245 | 1 | 2 | |a التضخم المالي والسياسية الضريبة في المواجهه التضخم الاقتصادي / |c إعداد محمد حاتم عبد الكريم، إشراف عاطف صدقي |
| 260 | |a al-Qahirah : |b Jami'ah al-Qahirah, |c 1984. | ||
| 300 | |a 700 p. ; |c 30 cm. | ||
| 500 | |a "رسالة للحصول على درجة الدكتوراه في الحقوق" | ||
| 502 | |a Thesis (Ph. D.)--Jami'at al-Qahirah, 1984 | ||
| 504 | |a Includes bibliographical references (p. 658-691) and index. | ||
| 596 | |a 1 4 | ||
| 650 | |a Inflation (Finance) |z Egypt | ||
| 650 | |a Taxation |x Effect of inflation on |z Egypt | ||
| 655 | |a Theses, Facsimile edition (Islamic) | ||
| 700 | |a 'Abd al-Karim, Muhammad Hatim | ||
| 710 | |a Jami'at al-Qahirah. |b Kulliyat al-Huquq | ||
| 710 | |a جامعة القاهرة. |b كلية الحقوق | ||
| 900 | |a arf-ami | ||
| 999 | |c 432569 |d 465646 | ||
| 952 | |0 0 |6 TI HG 001536 A1353T 1984 |7 0 |8 THESES |9 751763 |a IIUM |b IIUM |c MULTIMEDIA |g 364.50 |o ti HG 1536 A1353T 1984 |p 00011197484 |r 2017-10-23 |t 1 |v 364.50 |y THESIS | ||
| 952 | |0 0 |6 TI HG 001536 A1353T 1984 |7 0 |8 THESES |9 756962 |a IIiBFL |b IIiBFL |c CLOSEACCES |g 364.50 |o ti HG 1536 A1353T 1984 |p 00011197485 |r 2017-10-31 |t 1 |v 364.50 |y THESIS | ||
